Statistiques concernant Liste des jeux Fire Emblem

Cliquez ici pour prendre le quiz!

Statistiques générales

  • Ce quiz a été pris 71 fois
    (42 depuis la dernière actualisation)
  • Le résultat moyen est 7 sur 16

Statistiques - réponses

Jeux% Correct
Fire Emblem
100%
Fire Emblem: Awakening
72%
Fire Emblem: Three Houses
66%
Fire Emblem: Radiant Dawn
53%
Fire Emblem: Engage
50%
Fire Emblem: Path of Radiance
50%
Fire Emblem Fates: Héritage
47%
Fire Emblem Fates: Conquête
41%
Fire Emblem Fates: Révélation
34%
Fire Emblem Heroes
31%
Fire Emblem: The Sacred Stones
28%
Fire Emblem: Shadow Dragon
25%
Fire Emblem Warriors
25%
Fire Emblem Warriors: Three Hopes
22%
Fire Emblem: Shadow of Valentia
13%
Tokyo Mirage Sessions #FE
0%

Distribution des résultats

Percentile par nombre de réponses

% des personnes avec chaque résultat

Votre développement - résultats

Vous n’avez pas pris ce quiz depuis la dernière actualisation